[Event "2024 Autumn Open"]
[Site "?"]
[Date "2024.09.14"]
[Round "2.13"]
[White "Williams, Stephen"]
[Black "Quinn, Peter"]
[Result "1/2-1/2"]
[WhiteElo "1662"]
[BlackElo "1786"]
[PlyCount "48"]
[EventDate "2024.??.??"]
[SourceVersionDate "2024.09.27"]

1. e4 c5 2. Nc3 Nc6 3. Bb5 a6 4. Bxc6 bxc6 5. Nf3 Nf6 6. O-O e6 7. d3 Qc7 8. Qe2 d6 9. Nd2 Be7 10. f4 e5 11. fxe5 dxe5 12. Nf3 O-O 13. h3 Bd7 14. b3 a5 15. Ba3 Rfe8 16. Na4 Nh5 17. Qf2 Nf4 18. Nxe5 Nxh3+ 19. gxh3 Qxe5 20. Qxf7+ Kh8 21. Bb2 Qg3+ 22. Kh1 Qxh3+ 23. Kg1 Qg3+ 24. Kh1 Qh3+ 1/2-1/2

[Event "2024 Autumn Open"]
[Site "?"]
[Date "2024.09.14"]
[Round "2.14"]
[White "Gale, Michael"]
[Black "Hammett, Scott"]
[Result "1/2-1/2"]
[WhiteElo "1759"]
[BlackElo "1644"]
[PlyCount "110"]
[EventDate "2024.??.??"]
[SourceVersionDate "2024.09.27"]

1. e4 d5 2. exd5 Nf6 3. d4 Qxd5 4. c4 Qh5 5. Qxh5 Nxh5 6. Nc3 Nc6 7. Nb5 Kd8 8. Nf3 a6 9. Nc3 Nb4 10. Ne5 Ke8 11. Bd3 f6 12. a3 fxe5 13. axb4 exd4 14. Nd5 Kd8 15. O-O e6 16. Bg5+ Kd7 17. Nf4 Nxf4 18. Bxf4 Bxb4 19. Be5 c5 20. Bxg7 Rg8 21. Be5 h5 22. f4 Ke7 23. Be4 a5 24. Rad1 a4 25. Rd3 Ra6 26. Rh3 Bd7 27. Rxh5 Bc6 28. Rh7+ Kd8 29. Bxc6 Rxc6 30. Rxb7 Rc8 31. Bf6+ Ke8 32. Re7+ Kf8 33. Rxe6 Kf7 34. f5 d3 35. Bc3 Bxc3 36. bxc3 Rgd8 37. Ra6 Ra8 38. Rxa8 Rxa8 39. Rd1 a3 40. Kf2 a2 41. Ra1 Ra3 42. Ke1 Rxc3 43. Rxa2 Rxc4 44. Kd2 Rd4 45. Kc3 Kf6 46. Rf2 Rd5 47. g4 c4 48. h4 Re5 49. Kxc4 Re2 50. Rf1 d2 51. Rd1 Rg2 52. g5+ Kxf5 53. Kd4 Rg4+ 54. Kd3 Rxh4 55. Kxd2 Rd4+ 1/2-1/2

[Event "2024 Autumn Open"]
[Site "?"]
[Date "2024.09.14"]
[Round "2.15"]
[White "Bain, Oliver"]
[Black "Probert, Malcolm"]
[Result "1-0"]
[WhiteElo "1581"]
[BlackElo "1747"]
[PlyCount "75"]
[EventDate "2024.??.??"]
[SourceVersionDate "2024.09.28"]

1. d4 d5 2. Nc3 g6 3. Bf4 Bg7 4. e3 Nf6 5. h4 h6 6. Nf3 O-O 7. Ne5 c6 8. Qd2 Nfd7 9. O-O-O Nxe5 10. Bxe5 b5 11. f4 a5 12. Bxg7 Kxg7 13. h5 a4 14. hxg6 fxg6 15. Bd3 Na6 16. Qf2 Nb4 17. Qh4 Nxd3+ 18. cxd3 h5 19. e4 b4 20. Ne2 Bg4 21. Rd2 dxe4 22. dxe4 Qd6 23. Qg5 Bxe2 24. Rxe2 Qxf4+ 25. Qxf4 Rxf4 26. Kd2 Raf8 27. Ke3 Kh6 28. Rc1 R4f6 29. Rc4 Rb8 30. Rec2 Rb6 31. a3 bxa3 32. bxa3 Kg5 33. Rxa4 Rb3+ 34. Ke2 Kf4 35. e5 Re6 36. d5+ Kxe5 37. dxe6 Kxe6 38. Rxc6+ 1-0

[Event "2024 Autumn Open"]
[Site "?"]
[Date "2024.09.14"]
[Round "2.16"]
[White "Browse, Joseph"]
[Black "Ramzan, Timur"]
[Result "1-0"]
[WhiteElo "1737"]
[BlackElo "1568"]
[PlyCount "141"]
[EventDate "2024.??.??"]
[SourceVersionDate "2024.09.28"]

1. Nf3 d5 2. d4 Nf6 3. c4 c6 4. Qc2 Bg4 5. Ne5 Bh5 6. Nc3 e6 7. Bf4 Nbd7 8. e3 dxc4 9. Bxc4 Nxe5 10. dxe5 Nd5 11. Nxd5 exd5 12. Bd3 Bb4+ 13. Kf1 Bg6 14. a3 Bxd3+ 15. Qxd3 Ba5 16. Rd1 Qd7 17. e4 Qg4 18. Bg3 Rd8 19. f3 Qe6 20. Qe2 O-O 21. b4 Bc7 22. exd5 Rxd5 23. Rxd5 cxd5 24. f4 f6 25. exf6 Rxf6 26. Qxe6+ Rxe6 27. Kf2 Rf6 28. Ke3 Bb6+ 29. Kd3 Re6 30. Rc1 Kf7 31. a4 Rc6 32. Rxc6 bxc6 33. a5 Bg1 34. h3 Ke6 35. Be1 Kd6 36. Bd2 c5 37. bxc5+ Kxc5 38. Be3+ Bxe3 39. Kxe3 Kc4 40. Kd2 Kb5 41. g4 a6 42. f5 Kc6 43. Kd3 Kd6 44. Kd4 g6 45. fxg6 hxg6 46. h4 Ke6 47. h5 g5 48. h6 Kf6 49. h7 Kg7 50. h8=B+ Kxh8 51. Kxd5 Kg7 52. Ke5 Kg6 53. Ke6 Kg7 54. Kf5 Kh7 55. Kxg5 Kg7 56. Kf5 Kh6 57. Kf6 Kh7 58. g5 Kg8 59. Kg6 Kh8 60. Kf7 Kh7 61. g6+ Kh6 62. g7 Kh5 63. g8=Q Kh4 64. Qg6 Kh3 65. Qg5 Kh2 66. Qg4 Kh1 67. Kf6 Kh2 68. Kf5 Kh1 69. Kf4 Kh2 70. Kf3 Kh1 71. Qg2# 1-0

[Event "2024 Autumn Open"]
[Site "?"]
[Date "2024.09.14"]
[Round "2.17"]
[White "Richards, Gareth"]
[Black "Prabhu, Vismuth"]
[Result "0-1"]
[WhiteElo "1576"]
[BlackElo "1731"]
[PlyCount "118"]
[EventDate "2024.??.??"]
[SourceVersionDate "2024.09.28"]

1. e4 c6 2. d4 d5 3. e5 c5 4. c3 Nc6 5. Nf3 cxd4 6. cxd4 Bg4 7. Be2 e6 8. O-O Nge7 9. Nc3 Nf5 10. Be3 Be7 11. h3 Bxf3 12. Bxf3 Bg5 13. Nb5 O-O 14. Bxg5 Qxg5 15. Re1 a6 16. Nd6 Nxd6 17. exd6 Qd8 18. Rc1 Qxd6 19. Re3 Rac8 20. Rb3 b5 21. Rbc3 Qd7 22. Bg4 Na5 23. b3 Rxc3 24. Rxc3 Rc8 25. Qc2 Rxc3 26. Qxc3 Nb7 27. Bd1 g6 28. h4 Nd6 29. h5 Kg7 30. Qh3 f5 31. g4 Ne4 32. Qe3 Qc7 33. Be2 Qc3 34. a4 Qxe3 35. fxe3 bxa4 36. bxa4 a5 37. gxf5 gxf5 38. Bb5 Kf6 39. Kg2 e5 40. Kf3 Ng5+ 41. Kg3 Ne4+ 42. Kf3 h6 43. Bc6 Nc3 44. Bd7 exd4 45. exd4 Kg5 46. Be6 Nxa4 47. Bxd5 Kxh5 48. Kf4 Nc3 49. Bf7+ Kh4 50. Kxf5 a4 51. d5 Nb5 52. Be8 Nd6+ 53. Ke6 Nxe8 54. Ke7 a3 55. Kxe8 a2 56. d6 a1=Q 57. d7 Qe5+ 58. Kd8 Kg5 59. Kc8 Qh8+ 0-1

[Event "2024 Autumn Open"]
[Site "?"]
[Date "2024.09.14"]
[Round "2.18"]
[White "Mackenna, Joshua"]
[Black "Latif, Eron"]
[Result "1-0"]
[WhiteElo "1726"]
[BlackElo "1310"]
[PlyCount "35"]
[EventDate "2024.??.??"]
[SourceVersionDate "2024.09.28"]

1. e4 e5 2. Nf3 Nc6 3. Bb5 a6 4. Ba4 b5 5. Bb3 h6 6. O-O Bb7 7. a4 Bc5 8. c3 d6 9. d4 Bb6 10. Be3 bxa4 11. Bxa4 exd4 12. cxd4 d5 13. exd5 Qxd5 14. Nc3 Qh5 15. Ne5 Nge7 16. Qxh5 g6 17. Qf3 f5 18. Nxc6 1-0

[Event "2024 Autumn Open"]
[Site "?"]
[Date "2024.09.14"]
[Round "2.19"]
[White "Daniel, Elijah"]
[Black "Sharhorodsky, Yaroslav"]
[Result "0-1"]
[WhiteElo "1392"]
[BlackElo "1720"]
[PlyCount "54"]
[EventDate "2024.??.??"]
[SourceVersionDate "2024.09.28"]

1. d4 Nf6 2. Bf4 d5 3. e3 Bg4 4. Nf3 c5 5. c3 Qb6 6. Qb3 c4 7. Qc2 Nc6 8. Nbd2 Nh5 9. Bg3 Nxg3 10. hxg3 e6 11. Be2 Bf5 12. Qc1 Rc8 13. Nh4 Bd3 14. Bxd3 cxd3 15. a3 Na5 16. Nhf3 Nc4 17. Nxc4 dxc4 18. Ne5 f6 19. Ng6 Rg8 20. Rxh7 Qc6 21. Rh2 Bd6 22. Nf4 e5 23. Ng6 Kf7 24. Nh4 Rh8 25. Nf3 Qxf3 26. gxf3 Rxh2 27. Qd2 Rh1# 0-1

[Event "2024 Autumn Open"]
[Site "?"]
[Date "2024.09.14"]
[Round "3.1"]
[White "Brown, Tom"]
[Black "Turner, George"]
[Result "1-0"]
[WhiteElo "2125"]
[BlackElo "1924"]
[PlyCount "49"]
[EventDate "2024.??.??"]
[SourceVersionDate "2024.09.28"]

1. e4 c5 2. Nf3 d6 3. d4 cxd4 4. Nxd4 Nf6 5. Nc3 g6 6. Be3 Bg7 7. f3 O-O 8. Qd2 Nc6 9. O-O-O d5 10. Kb1 Nxd4 11. e5 Nd7 12. Bxd4 e6 13. f4 a6 14. h4 Re8 15. h5 Qc7 16. g4 b5 17. Qh2 Nb6 18. Rd3 Nc4 19. hxg6 hxg6 20. Rh3 Kf8 21. Rh7 Bb7 22. Rxg7 Nd2+ 23. Qxd2 Kxg7 24. f5 Rh8 25. f6+ 1-0

[Event "2024 Autumn Open"]
[Site "?"]
[Date "2024.09.14"]
[Round "3.2"]
[White "Hatchett, Paul"]
[Black "Honey, Luke"]
[Result "0-1"]
[WhiteElo "1950"]
[BlackElo "2008"]
[PlyCount "60"]
[EventDate "2024.??.??"]
[SourceVersionDate "2024.09.30"]

1. e4 c6 2. Nf3 d5 3. Nc3 dxe4 4. Nxe4 Nf6 5. Qe2 Nxe4 6. Qxe4 Be6 7. d4 Bd5 8. Qd3 Bxf3 9. gxf3 Nd7 10. Bd2 e6 11. O-O-O Qc7 12. Kb1 O-O-O 13. Bg5 Re8 14. c4 Bd6 15. h4 Kb8 16. Bh3 h6 17. Be3 Nf6 18. Rhg1 g6 19. Qd2 Nh5 20. Bg4 Nf6 21. c5 Bh2 22. Rg2 Nd5 23. Bxh6 Bf4 24. Bxf4 Qxf4 25. Rg3 Rxh4 26. Bh3 Reh8 27. Bf1 Qxd2 28. Rxd2 Rh1 29. Rd1 R8h2 30. Kc1 Rxf2 0-1

[Event "2024 Autumn Open"]
[Site "?"]
[Date "2024.09.14"]
[Round "3.3"]
[White "Fathallah, Joe"]
[Black "Majeed, Haroon"]
[Result "1-0"]
[WhiteElo "1985"]
[BlackElo "1891"]
[PlyCount "105"]
[EventDate "2024.??.??"]
[SourceVersionDate "2024.09.30"]

1. d4 d5 2. c4 e6 3. Nc3 Be7 4. cxd5 exd5 5. Bf4 c6 6. e3 Bf5 7. Nge2 Nd7 8. Nc1 Ngf6 9. Bd3 Bxd3 10. Nxd3 O-O 11. O-O a5 12. Rc1 Nb6 13. Ne5 Nbd7 14. Qf3 Nxe5 15. dxe5 Nd7 16. Qg4 Kh8 17. Rfd1 Nc5 18. e4 d4 19. Ne2 Ne6 20. Rd3 a4 21. Rh3 Nxf4 22. Nxf4 Bg5 23. Rd1 Bxf4 24. Qxf4 Qb6 25. Qf5 h6 26. g4 c5 27. g5 Qg6 28. Kh1 Qxf5 29. exf5 Kh7 30. f6 Kg6 31. fxg7 Kxg7 32. Rxh6 Rfe8 33. f4 Re6 34. Rh3 Kg6 35. Kg2 Kf5 36. Kf3 Raa6 37. Rh7 Kg6 38. Rh8 Kg7 39. Rd8 Reb6 40. Rd2 a3 41. bxa3 Rxa3+ 42. Kg4 Rb1 43. Rd7 Re3 44. Kf5 Rb6 45. Rc7 Rc3 46. h4 Rh3 47. Kg4 Rc3 48. h5 d3 49. g6 c4 50. Rxf7+ Kg8 51. f5 Rc2 52. h6 Rxd2 53. h7+ 1-0

[Event "2024 Autumn Open"]
[Site "?"]
[Date "2024.09.14"]
[Round "3.4"]
[White "Szakmany, Bence"]
[Black "Tapp, James"]
[Result "1/2-1/2"]
[WhiteElo "1909"]
[BlackElo "1953"]
[PlyCount "78"]
[EventDate "2024.??.??"]
[SourceVersionDate "2024.09.30"]

1. e4 c6 2. d4 d5 3. f3 dxe4 4. fxe4 e5 5. Nf3 Bg4 6. Bc4 Nd7 7. O-O Ngf6 8. c3 b5 9. Bb3 Bd6 10. Bg5 O-O 11. Nbd2 Qc7 12. Qe1 Bh5 13. Qh4 Bg6 14. Rae1 c5 15. Kh1 a5 16. a4 bxa4 17. Bxa4 cxd4 18. cxd4 Rfc8 19. d5 h6 20. Bxf6 Nxf6 21. Bc6 Rab8 22. Nc4 Rb4 23. Nfd2 Bc5 24. b3 Bd4 25. Qh3 Rcb8 26. Ba4 h5 27. Qg3 Rxa4 28. d6 Rxc4 29. dxc7 Rxc7 30. Rf3 Rc2 31. Rd3 Rb4 32. h3 Rxd2 33. Rxd2 Nxe4 34. Rxe4 Bxe4 35. Qh4 Bg6 36. Qd8+ Kh7 37. Qd5 a4 38. bxa4 Rxa4 39. Kh2 Ra3 1/2-1/2

[Event "2024 Autumn Open"]
[Site "?"]
[Date "2024.09.14"]
[Round "3.5"]
[White "Jukes, Sam"]
[Black "Beaumont, Chris"]
[Result "0-1"]
[WhiteElo "1895"]
[BlackElo "2156"]
[PlyCount "56"]
[EventDate "2024.??.??"]
[SourceVersionDate "2024.10.01"]

1. e4 c5 2. Nf3 g6 3. d4 cxd4 4. Qxd4 Nf6 5. e5 Nc6 6. Qa4 Nd5 7. Qb3 Nc7 8. Nc3 Bg7 9. Bf4 b5 10. O-O-O Rb8 11. h4 a5 12. Ne4 Ne6 13. Be3 a4 14. Qd3 Nxe5 15. Nxe5 Bxe5 16. h5 Qc7 17. g3 a3 18. b3 Bb7 19. Bg2 f5 20. hxg6 hxg6 21. f4 Bb2+ 22. Kb1 Bxe4 23. Bxe4 fxe4 24. Qxe4 Kf7 25. f5 gxf5 26. Qxf5+ Bf6 27. Rh7+ Rxh7 28. Qxh7+ Ng7 0-1

[Event "2024 Autumn Open"]
[Site "?"]
[Date "2024.09.14"]
[Round "3.6"]
[White "Havard, Gwyn"]
[Black "Browne, Joseph"]
[Result "0-1"]
[WhiteElo "1861"]
[BlackElo "1737"]
[PlyCount "68"]
[EventDate "2024.??.??"]
[SourceVersionDate "2024.10.01"]

1. e4 c6 2. d4 d5 3. exd5 cxd5 4. Bd3 Nc6 5. Ne2 Bg4 6. f3 Bh5 7. O-O e6 8. Nbc3 Nf6 9. Bf4 Bd6 10. Qd2 O-O 11. Nb5 Bxf4 12. Qxf4 Nb4 13. Rad1 Qb6 14. Nbc3 Nxd3 15. Rxd3 Bg6 16. Rd2 Qxb2 17. Rb1 Qa3 18. Rxb7 Rfc8 19. Rb3 Qa5 20. Rb5 Qa6 21. Qe3 Ne8 22. Rb3 Nd6 23. Nf4 Nc4 24. Qe2 Qd6 25. Nxg6 Nxd2 26. Nb5 Qd8 27. Qxd2 hxg6 28. f4 a6 29. Nc3 Qa5 30. Qe3 Rc4 31. Nd1 Qxa2 32. Rb2 Qa1 33. Qd3 Rac8 34. Kf2 Qc1 0-1

[Event "2024 Autumn Open"]
[Site "?"]
[Date "2024.09.14"]
[Round "3.7"]
[White "Prabhu, Vismith"]
[Black "Tuson, Jon"]
[Result "1/2-1/2"]
[WhiteElo "1731"]
[BlackElo "1860"]
[PlyCount "65"]
[EventDate "2024.??.??"]
[SourceVersionDate "2024.10.01"]

1. d4 Nf6 2. c4 c5 3. d5 b5 4. Nd2 bxc4 5. e4 d6 6. Bxc4 Qa5 7. Qc2 g6 8. Ne2 Bg7 9. O-O O-O 10. Nc3 Ba6 11. Rb1 Bxc4 12. Nxc4 Qb4 13. b3 Nbd7 14. h3 Qb8 15. Nd1 Nb6 16. Nde3 Qc7 17. Bb2 a5 18. a4 Nbd7 19. Na3 Nh5 20. Nec4 f5 21. exf5 Nf4 22. Bxg7 Kxg7 23. Qe4 Rxf5 24. Qxe7+ Kh6 25. Qxd6 Qxd6 26. Nxd6 Rxd5 27. Rbd1 Rxd1 28. Rxd1 Nf6 29. Nb7 Ne2+ 30. Kf1 Nc3 31. Rc1 Nce4 32. f3 Nd2+ 33. Kg1 1/2-1/2

[Event "2024 Autumn Open"]
[Site "?"]
[Date "2024.09.14"]
[Round "3.9"]
[White "McKernna, Joshua"]
[Black "Dixon, Chris"]
[Result "1/2-1/2"]
[WhiteElo "1726"]
[BlackElo "1808"]
[PlyCount "34"]
[EventDate "2024.??.??"]
[SourceVersionDate "2024.10.01"]

1. e4 d5 2. exd5 Qxd5 3. Nc3 Qd8 4. d4 Nf6 5. Nf3 Bg4 6. Be2 e6 7. O-O c6 8. Be3 Bd6 9. Ne5 Bxe2 10. Nxe2 O-O 11. Ng3 Nbd7 12. Nxd7 Qxd7 13. Nh5 Be7 14. Bg5 Nxh5 15. Bxe7 Qxe7 16. Qxh5 Rad8 17. c3 Rd5 1/2-1/2

[Event "2024 Autumn Open"]
[Site "?"]
[Date "2024.09.14"]
[Round "3.9"]
[White "Jones, Steve"]
[Black "Tuson, Bronwen"]
[Result "1-0"]
[WhiteElo "1808"]
[BlackElo "1620"]
[PlyCount "51"]
[EventDate "2024.??.??"]
[SourceVersionDate "2024.10.01"]

1. d4 Nf6 2. Nc3 e6 3. Bf4 c5 4. e3 Nc6 5. Nb5 Nd5 6. Nd6+ Bxd6 7. Bxd6 cxd4 8. exd4 Nce7 9. Nf3 Qb6 10. Ba3 O-O 11. c4 Nb4 12. Qa4 a5 13. c5 Qc6 14. Bb5 Qe4+ 15. Kf1 Nc2 16. Rd1 Nxa3 17. Qxa3 Nf5 18. Bd3 Qd5 19. Ke2 Re8 20. Rhe1 g5 21. Kf1 g4 22. Ne5 b6 23. Be4 Nxd4 24. Bxd5 Nc2 25. Qc3 Nxe1 26. Bxa8 1-0

[Event "2024 Autumn Open"]
[Site "?"]
[Date "2024.09.14"]
[Round "3.10"]
[White "Sharhorodsky, Yaroslav"]
[Black "Hannigan, Jack"]
[Result "1-0"]
[WhiteElo "1719"]
[BlackElo "1794"]
[PlyCount "43"]
[EventDate "2024.??.??"]
[SourceVersionDate "2024.10.01"]

1. e4 e6 2. d4 d5 3. Nd2 Nf6 4. e5 Nfd7 5. Ndf3 c5 6. c3 Nc6 7. Bd3 cxd4 8. cxd4 Be7 9. Ne2 f6 10. exf6 Nxf6 11. O-O O-O 12. Re1 Bd7 13. Nf4 Qc8 14. Ng5 Nd8 15. Nxh7 Nxh7 16. Bxh7+ Kxh7 17. Qh5+ Kg8 18. Ng6 Re8 19. Qh8+ Kf7 20. Ne5+ Kf6 21. Qh4+ Kf5 22. g4# 1-0

[Event "2024 Autumn Open"]
[Site "?"]
[Date "2024.09.14"]
[Round "3.11"]
[White "Di-Vetta, Andrew"]
[Black "Bain, Oli"]
[Result "1-0"]
[WhiteElo "1791"]
[BlackElo "1581"]
[PlyCount "101"]
[EventDate "2024.??.??"]
[SourceVersionDate "2024.10.01"]

1. e4 c5 2. Nf3 e6 3. d4 cxd4 4. Nxd4 a6 5. Bd3 Bc5 6. c3 Qc7 7. O-O Nf6 8. Nd2 O-O 9. N2b3 Bd6 10. h3 h6 11. f4 e5 12. Nf5 Nc6 13. Nxd6 Qxd6 14. g4 b5 15. Be3 Qc7 16. fxe5 Qxe5 17. Bf4 Qe7 18. Qc2 Ne5 19. Rae1 Bb7 20. g5 Nxd3 21. gxf6 Nxe1 22. fxe7 Nxc2 23. exf8=Q+ Kxf8 24. Nc5 g5 25. Bd2 Bc6 26. e5 Re8 27. Rf6 Rxe5 28. Rxc6 dxc6 29. Nd7+ Ke7 30. Nxe5 c5 31. Kf2 Ke6 32. Nd3 Kd5 33. Ke2 f5 34. Kd1 c4 35. Nf2 Na1 36. Kc1 b4 37. Kb1 bxc3 38. Bxc3 Nb3 39. axb3 cxb3 40. Kc1 h5 41. Kd2 g4 42. hxg4 fxg4 43. Ke3 g3 44. Nh3 h4 45. Bf6 a5 46. Bxh4 g2 47. Nf4+ Kc4 48. Nxg2 a4 49. Be7 Kb5 50. Kd3 Ka5 51. Kc4 1-0

[Event "2024 Autumn Open"]
[Site "?"]
[Date "2024.09.14"]
[Round "3.14"]
[White "Rathbone-Jones, Ifan"]
[Black "Williams, Stephen"]
[Result "1-0"]
[WhiteElo "2128"]
[BlackElo "1662"]
[PlyCount "65"]
[EventDate "2024.??.??"]
[SourceVersionDate "2024.10.01"]

1. Nf3 Nf6 2. b4 g6 3. Bb2 Bg7 4. e4 d6 5. Bc4 O-O 6. d3 Nbd7 7. Nbd2 e5 8. O-O Nb6 9. Bb3 Nh5 10. a4 a5 11. bxa5 Rxa5 12. Bc3 Ra8 13. a5 Nd7 14. Nc4 Nc5 15. Ba2 Nf4 16. Ne3 c6 17. Kh1 Qe7 18. Bd2 Bd7 19. Nc4 Rab8 20. Qc1 Nce6 21. Qa3 Nc5 22. Nxd6 Qxd6 23. Bb4 Nfe6 24. Bxe6 Bxe6 25. Bxc5 Qd7 26. Bxf8 Rxf8 27. Ng5 Qd4 28. Nxe6 fxe6 29. Qe7 Rxf2 30. Qxe6+ Kh8 31. Qc8+ Bf8 32. Qxb7 Rxf1+ 33. Rxf1 1-0

[Event "2024 Autumn Open"]
[Site "?"]
[Date "2024.09.14"]
[Round "3.15"]
[White "Quinn, Peter"]
[Black "Hammett, Scott"]
[Result "1-0"]
[WhiteElo "1786"]
[BlackElo "1644"]
[PlyCount "67"]
[EventDate "2024.??.??"]
[SourceVersionDate "2024.10.01"]

1. e4 b6 2. d4 Bb7 3. Nc3 d6 4. Bc4 e6 5. Bb3 Be7 6. f4 Nf6 7. Qe2 Nbd7 8. Nf3 O-O 9. O-O a5 10. Bc4 d5 11. Bd3 Bb4 12. e5 Ne8 13. Ng5 g6 14. Qg4 Ng7 15. Rf3 Nf5 16. Ne2 Be7 17. h4 h6 18. Nxe6 h5 19. Qxf5 gxf5 20. Nxd8 Rfxd8 21. Bxf5 Nf8 22. Ng3 Ng6 23. Nxh5 Nxh4 24. Rg3+ Kh8 25. Bd3 Rg8 26. Bd2 Rxg3 27. Nxg3 Rg8 28. Kf2 Kg7 29. Rh1 Kf8 30. f5 Bd8 31. f6 Ng6 32. Bxg6 fxg6 33. Rh7 g5 34. Nf5 1-0

[Event "2024 Autumn Open"]
[Site "?"]
[Date "2024.09.14"]
[Round "3.16"]
[White "McGrath, Ethan"]
[Black "Gale, Michael"]
[Result "1-0"]
[WhiteElo "1707"]
[BlackElo "1759"]
[PlyCount "67"]
[EventDate "2024.??.??"]
[SourceVersionDate "2024.10.01"]

1. c4 e5 2. g3 Nf6 3. Bg2 d5 4. cxd5 Nxd5 5. Nc3 Nf6 6. e4 Nc6 7. Nge2 Bc5 8. O-O Be6 9. a3 O-O 10. d3 h6 11. Be3 Bb6 12. Bxb6 axb6 13. f4 exf4 14. Nxf4 Qd4+ 15. Kh1 Ne5 16. Nxe6 fxe6 17. Bh3 Qxd3 18. Bxe6+ Kh8 19. Qxd3 Nxd3 20. b4 Rae8 21. Bf5 c6 22. Rad1 Ne5 23. b5 Rd8 24. a4 Rd3 25. Rxd3 Nxd3 26. Kg1 Nc5 27. Rb1 Ncd7 28. bxc6 bxc6 29. Rd1 Rf7 30. e5 Nd5 31. e6 Rxf5 32. exd7 Rf8 33. Nxd5 cxd5 34. Re1 1-0

[Event "2024 Autumn Open"]
[Site "?"]
[Date "2024.09.14"]
[Round "3.17"]
[White "Ramzan, Timur"]
[Black "Hurn, Robert"]
[Result "1-0"]
[WhiteElo "1568"]
[BlackElo "1715"]
[PlyCount "153"]
[EventDate "2024.??.??"]
[SourceVersionDate "2024.10.01"]

1. e4 c5 2. Nf3 d6 3. d4 cxd4 4. Nxd4 Nf6 5. Nc3 g6 6. Bb5+ Nfd7 7. Bg5 a6 8. Ba4 b5 9. Bb3 Bg7 10. Qd2 O-O 11. Bh6 Bb7 12. Bxg7 Kxg7 13. Qg5 e6 14. Qg4 Ne5 15. Qe2 Nbc6 16. Nxc6 Bxc6 17. a3 Qg5 18. O-O Rfd8 19. f4 Qf6 20. fxe5 Qxe5 21. Qf3 f5 22. Rae1 Qf6 23. Qe3 e5 24. exf5 gxf5 25. Bd5 f4 26. Qh3 Bd7 27. Qh5 Ra7 28. Ne4 Qe7 29. Qg5+ Qxg5 30. Nxg5 Rc7 31. c3 Bf5 32. Ne6+ Bxe6 33. Bxe6 Kf6 34. Bd5 a5 35. g3 Rc5 36. Ba2 Kg5 37. gxf4+ exf4 38. Re7 h5 39. Rg7+ Kh6 40. Rf7 Rg5+ 41. Kh1 Re8 42. R7xf4 Re2 43. Rf6+ Kg7 44. R6f2 Rge5 45. Rxe2 Rxe2 46. Rb1 Kf6 47. Bd5 h4 48. Bc6 Re5 49. Rf1+ Kg5 50. h3 Re2 51. Rb1 Re3 52. Bd7 Re5 53. Kg2 Kf4 54. Kf2 Rd5 55. Re1 Rd2+ 56. Re2 Rd5 57. a4 b4 58. cxb4 axb4 59. b3 Rc5 60. Rd2 Ke5 61. Ke3 Rc3+ 62. Rd3 Rc5 63. Kf3 d5 64. Kg4 Rc7 65. Be8 Rh7 66. Bh5 d4 67. Kxh4 Ke4 68. Rd1 Ke3 69. Kg5 Rg7+ 70. Bg6 Rd7 71. h4 Rd5+ 72. Bf5 Ke2 73. Rh1 d3 74. h5 d2 75. Kg6 d1=Q 76. Bg4+ Ke3 77. Rxd1 1-0

[Event "2024 Autumn Open"]
[Site "?"]
[Date "2024.09.14"]
[Round "3.18"]
[White "Latif, Eron"]
[Black "Richards, Gareth"]
[Result "1-0"]
[WhiteElo "1310"]
[BlackElo "1576"]
[PlyCount "31"]
[EventDate "2024.??.??"]
[SourceVersionDate "2024.10.01"]

1. e4 e5 2. Nf3 Nc6 3. Bb5 Nge7 4. Nc3 Ng6 5. Bxc6 dxc6 6. d4 Bg4 7. Be3 Bb4 8. Qd2 Bxf3 9. gxf3 Qf6 10. O-O-O Qxf3 11. dxe5 Nxe5 12. Qd4 Bd6 13. Rhg1 O-O 14. Bh6 c5 15. Bxg7 cxd4 16. Bxe5+ 1-0

[Event "2024 Autumn Open"]
[Site "?"]
[Date "2024.09.15"]
[Round "4.1"]
[White "Honey, Luke"]
[Black "Brown, Thomas"]
[Result "0-1"]
[WhiteElo "2008"]
[BlackElo "2125"]
[Annotator "Paul,Hatchett"]
[PlyCount "87"]
[EventDate "2024.??.??"]
[SourceVersionDate "2024.10.01"]

1. e4 c5 2. Nc3 g6 3. g3 Bg7 4. Bg2 Nc6 5. d3 d6 6. Nge2 e6 7. O-O Nge7 8. Be3 Nd4 9. Qd2 Rb8 10. Nd1 h5 11. h4 b5 12. c3 Nxe2+ 13. Qxe2 b4 14. f4 O-O 15. Qd2 bxc3 16. bxc3 Qa5 17. d4 cxd4 18. Bxd4 Bxd4+ 19. Qxd4 Ba6 20. Rf2 Qc5 21. Qxc5 dxc5 22. Bf1 Bxf1 23. Kxf1 Rfd8 24. Ke2 f5 25. e5 Nd5 26. c4 Nb6 27. Rc1 Rd4 28. Ne3 Rbd8 29. Rc2 Rd3 30. Rf1 R8d4 31. Re1 Ra3 32. Kf2 Rdd3 33. Ree2 Kf7 34. Nf1 Ke7 35. Red2 Rf3+ 36. Ke1 Rfc3 37. Rxc3 Rxc3 38. Rb2 Rxc4 39. Nd2 Rc3 40. Kf2 Kd7 41. Nf3 Rd3 42. Ng5 c4 43. Rc2 c3 44. Ke2 0-1

[Event "2024 Autumn Open"]
[Site "?"]
[Date "2024.09.15"]
[Round "4.2"]
[White "Beaumont, Chris"]
[Black "Szakmany, Bence"]
[Result "1-0"]
[WhiteElo "2156"]
[BlackElo "1909"]
[PlyCount "67"]
[EventDate "2024.??.??"]
[SourceVersionDate "2024.10.01"]

1. Nf3 d5 2. d4 Nf6 3. c4 e6 4. g3 dxc4 5. Bg2 Nbd7 6. Qa4 a6 7. Qxc4 b5 8. Qc6 Rb8 9. Bf4 Bb4+ 10. Nbd2 Bb7 11. Qc2 Rc8 12. a3 Bxd2+ 13. Qxd2 O-O 14. O-O c5 15. Rac1 Qb6 16. dxc5 Nxc5 17. Be3 Nfe4 18. Qd4 Rfd8 19. Qe5 f6 20. Qh5 Qd6 21. Nd4 Qe7 22. Bh3 Bd5 23. f3 g6 24. Qh4 Ng5 25. Bxg5 fxg5 26. Qh6 Qf6 27. Rfd1 Qe5 28. e4 Bc4 29. Nc6 Qxb2 30. Ne7+ Kh8 31. Nxg6+ Kg8 32. Ne7+ Kh8 33. e5 Rd2 34. Qf6# 1-0

[Event "2024 Autumn Open"]
[Site "?"]
[Date "2024.09.15"]
[Round "4.3"]
[White "Tapp, James"]
[Black "McGregor, John"]
[Result "1-0"]
[WhiteElo "1953"]
[BlackElo "1894"]
[PlyCount "91"]
[EventDate "2024.??.??"]
[SourceVersionDate "2024.10.01"]

1. Nf3 c5 2. g3 g6 3. Bg2 Bg7 4. O-O Nc6 5. c4 e6 6. e3 Nge7 7. Nc3 O-O 8. d4 cxd4 9. Nxd4 Nxd4 10. exd4 d5 11. cxd5 Nxd5 12. Qb3 Qb6 13. Nxd5 exd5 14. Qxb6 axb6 15. Bxd5 Rd8 16. Bb3 Bxd4 17. Bg5 Re8 18. Rfe1 Bf5 19. Rac1 Rxe1+ 20. Rxe1 Bc5 21. a3 Bd7 22. Bf6 Re8 23. Rxe8+ Bxe8 24. Kf1 h5 25. h4 Bc6 26. Ke2 Kf8 27. Bc4 b5 28. Bb3 Be7 29. Bxe7+ Kxe7 30. Ke3 f6 31. Kd4 b6 32. Kc3 Kd6 33. Bf7 Be4 34. Kb4 Bd3 35. Be8 Be2 36. Bxb5 Bf3 37. Bd3 g5 38. a4 Bd1 39. a5 bxa5+ 40. Kxa5 gxh4 41. gxh4 Ke5 42. b4 Kd4 43. Bg6 Bf3 44. b5 Kc3 45. b6 Kd2 46. Bxh5 1-0

[Event "2024 Autumn Open"]
[Site "?"]
[Date "2024.09.15"]
[Round "4.4"]
[White "Westcott, Dale"]
[Black "Hatchett, Paul"]
[Result "1/2-1/2"]
[WhiteElo "1768"]
[BlackElo "1950"]
[PlyCount "39"]
[EventDate "2024.??.??"]
[SourceVersionDate "2024.10.01"]

1. Nf3 Nf6 2. g3 g6 3. b3 Bg7 4. Bb2 O-O 5. Bg2 d6 6. d4 c5 7. c4 Nc6 8. O-O Bg4 9. dxc5 dxc5 10. Ne5 Qc7 11. Nxg4 Nxg4 12. Bxg7 Kxg7 13. e3 Qe5 14. Nd2 Rad8 15. Qe2 Qe6 16. Bd5 Qc8 17. Ne4 Nb4 18. Nc3 h5 19. Rad1 Nf6 20. Bg2 1/2-1/2

[Event "2024 Autumn Open"]
[Site "?"]
[Date "2024.09.15"]
[Round "4.5"]
[White "Turner, George"]
[Black "Jones, Steve"]
[Result "1-0"]
[WhiteElo "1924"]
[BlackElo "1808"]
[PlyCount "37"]
[EventDate "2024.??.??"]
[SourceVersionDate "2024.10.01"]

1. e4 c6 2. c4 d5 3. exd5 cxd5 4. cxd5 Qxd5 5. Nc3 Qd8 6. Nf3 Nc6 7. d4 e6 8. Bb5 Bd7 9. O-O a6 10. Ba4 b5 11. Bb3 Na5 12. d5 Nxb3 13. Qxb3 Nf6 14. Ng5 exd5 15. Nxd5 Nxd5 16. Qxd5 Be6 17. Nxe6 fxe6 18. Qxe6+ Qe7 19. Qc6+ 1-0

[Event "2024 Autumn Open"]
[Site "?"]
[Date "2024.09.15"]
[Round "4.6"]
[White "Browse, Joseph"]
[Black "Di-Vetta, Andrew"]
[Result "0-1"]
[WhiteElo "1737"]
[BlackElo "1792"]
[PlyCount "36"]
[EventDate "2024.??.??"]
[SourceVersionDate "2024.10.01"]

1. d4 Nf6 2. Nc3 d5 3. Bf4 c6 4. e3 Bf5 5. f3 h6 6. g4 Bh7 7. h4 Qa5 8. Bd3 Bxd3 9. Qxd3 b5 10. Nge2 Nbd7 11. Kf2 Nb6 12. b3 e6 13. g5 Nh5 14. g6 f5 15. e4 fxe4 16. fxe4 Bb4 17. Nd1 O-O 18. Qe3 Bd2 0-1